00492nam a22001937a 4500003000500000005001700005008004100022010001000063011001000073035001000083040000900093100003100102245003300133260003600166300003000202650001300232650002500245700002800270CHAP20220329135711.0971013s1996 r 00010 d a40776 a41748 a45874 cCHAP00aZavala Chávez, Fernando. aFrutos y semillas de encinos aChapingo, Méx. :bUACH,c1996 a47 p.b: ilus. ; gráfs.14aQuercus.14aSemillas forestales.0 aGarcía Moya, Edmundo.